[Event "EU-chT (Women) 19th"]
[Site "Warsaw"]
[Date "2013.11.10"]
[Round "3.14"]
[White "Olsarova, Karolina"]
[Black "Corke, Anya Sun"]
[Result "1-0"]
[WhiteElo "2275"]
[BlackElo "2276"]
[PlyCount "79"]
[EventDate "2013.11.08"]
[EventType "team-swiss"]
[EventRounds "9"]
[EventCountry "POL"]
[SourceTitle "EXT 2014"]
[Source "ChessBase"]
[SourceDate "2013.11.20"]
[SourceVersion "1"]
[SourceVersionDate "2013.11.20"]
[SourceQuality "1"]
[WhiteTeam "Czech Republic (W)"]
[BlackTeam "England (W)"]
[WhiteTeamCountry "CZE"]
[BlackTeamCountry "ENG"]

1. e4 c5 2. Nf3 e6 3. d3 b6 4. g3 Bb7 5. Bg2 d6 6. 0-0 Nd7 7. c4 Ngf6 8. Nc3 Be7 9. Ng5 Qc7 10. f4 a6 11. Qe2 Rb8 12. Bd2 0-0 13. Rae1 h6 14. Nh3 Qd8 15. Nf2 b5 16. cxb5 axb5 17. Nxb5 Ba6 18. a4 Bxb5 19. axb5 Rxb5 20. Bc1 Rb4 21. h4 Nh7 22. Ng4 h5 23. Ne3 g6 24. Nc4 Ndf6 25. f5 Ng4 26. Bh3 Nhf6 27. Bg5 gxf5 28. exf5 e5 29. Ra1 Qc7 30. Bxg4 Nxg4 31. f6 Bd8 32. Rf5 d5 33. Nxe5 Re8 34. Re1 Qb8 35. Bf4 Bxf6 36. Nxg4 Rxe2 37. Nxf6+ Kh8 38. Rxe2 Qa7 39. Re8+ Kg7 40. Rg8# 1-0

[Event "EU-chT (Women) 19th"]
[Site "Warsaw"]
[Date "2013.11.09"]
[Round "2.14"]
[White "Corke, Anya Sun"]
[Black "Iwanow, Anna"]
[Result "0-1"]
[WhiteElo "2276"]
[BlackElo "2206"]
[PlyCount "44"]
[EventDate "2013.11.08"]
[EventType "team-swiss"]
[EventRounds "9"]
[EventCountry "POL"]
[SourceTitle "EXT 2014"]
[Source "ChessBase"]
[SourceDate "2013.11.20"]
[SourceVersion "1"]
[SourceVersionDate "2013.11.20"]
[SourceQuality "1"]
[WhiteTeam "England (W)"]
[BlackTeam "Poland Futures (W) II"]
[WhiteTeamCountry "ENG"]
[BlackTeamCountry "POL"]

1. d4 Nf6 2. Bg5 Ne4 3. Bf4 e5 4. Bxe5 Nc6 5. Nd2 d5 6. Nxe4 dxe4 7. c3 Nxe5 8. dxe5 Qxd1+ 9. Rxd1 Be6 10. e3 Bxa2 11. Ne2 g6 12. Ng3 Bg7 13. Nxe4 Bxe5 14. Nc5 Bg7 15. Nxb7 0-0 16. Ba6 Rfe8 17. Rd7 Re6 18. Nc5 Rb6 19. Rxc7 Be5 20. Rb7 Bd5 21. Re7 Bd6 22. Rd7 Bxc5 0-1

[Event "Olympiad Women-40"]
[Site "Istanbul"]
[Date "2012.08.29"]
[Round "2.1"]
[White "Munguntuul, Batkhuyag"]
[Black "Corke, Anya Sun"]
[Result "1-0"]
[WhiteElo "2434"]
[BlackElo "2254"]
[PlyCount "59"]
[EventDate "2012.08.28"]
[EventType "team-swiss"]
[EventRounds "11"]
[EventCountry "TUR"]
[SourceTitle "CBM 150 Extra"]
[Source "ChessBase"]
[SourceDate "2012.10.19"]
[SourceVersion "1"]
[SourceVersionDate "2012.10.19"]
[SourceQuality "1"]
[WhiteTeam "Mongolia (W)"]
[BlackTeam "England (W)"]
[WhiteTeamCountry "MGL"]
[BlackTeamCountry "ENG"]

1. e4 c5 2. Nf3 e6 3. d4 cxd4 4. Nxd4 Nc6 5. Nc3 Qc7 6. Be2 a6 7. a3 Nf6 8. 0-0 Nxd4 9. Qxd4 Bc5 10. Qd3 b5 11. Kh1 Bb7 12. f4 0-0 13. Bd2 Be7 14. Bf3 d6 15. Qe2 Nd7 16. Rad1 Bc6 17. Nd5 Bxd5 18. exd5 e5 19. fxe5 Nxe5 20. Be4 Qc4 21. Qe1 Rae8 22. b3 Qc8 23. Bf5 Qd8 24. Ba5 Qb8 25. Qg3 Kh8 26. Qh3 g6 27. Bd7 Nxd7 28. Qxd7 Qc8 29. Qc6 Bd8 30. Qxc8 1-0

[Event "Budapest FS08 IM-B"]
[Site "Budapest"]
[Date "2012.08.12"]
[Round "9"]
[White "Grimm, Daniel"]
[Black "Corke, Anya Sun"]
[Result "0-1"]
[WhiteElo "2171"]
[BlackElo "2254"]
[PlyCount "80"]
[EventDate "2012.08.04"]
[EventType "tourn"]
[EventRounds "11"]
[EventCountry "HUN"]
[EventCategory "1"]
[SourceTitle "CBM 149 Extra"]
[Source "ChessBase"]
[SourceDate "2012.08.24"]
[SourceVersion "1"]
[SourceVersionDate "2012.08.24"]
[SourceQuality "1"]

1. e4 d5 2. exd5 Nf6 3. Be2 Nxd5 4. d4 Bf5 5. Nf3 e6 6. 0-0 Be7 7. Re1 0-0 8. Bf1 c5 9. c3 Nc6 10. Ne5 cxd4 11. Nxc6 bxc6 12. Qxd4 c5 13. Qc4 Qc7 14. Nd2 Rfd8 15. Nf3 Bd6 16. Bg5 f6 17. Bh4 Nb6 18. Qe2 e5 19. Nd2 Be7 20. c4 Rd4 21. Bg3 Bd3 22. Qe3 Bxf1 23. Rxf1 Rad8 24. Nf3 Rxc4 25. b3 Nd5 26. Qe2 Rb4 27. Rac1 Rbb8 28. Nd2 Kh8 29. Nc4 Qd7 30. Qe4 Nb6 31. Ne3 Qb7 32. Qf5 Rd4 33. Qe6 Qd7 34. Qf7 g6 35. b4 Rf8 36. Qb3 Rxb4 37. Qc2 Rd4 38. h4 Nd5 39. Nc4 Nb4 40. Qe2 Qd5 0-1

[Event "Budapest FS08 IM-B"]
[Site "Budapest"]
[Date "2012.08.09"]
[Round "6"]
[White "Corke, Anya Sun"]
[Black "Farago, Sandor"]
[Result "1-0"]
[WhiteElo "2254"]
[BlackElo "2254"]
[PlyCount "66"]
[EventDate "2012.08.04"]
[EventType "tourn"]
[EventRounds "11"]
[EventCountry "HUN"]
[EventCategory "1"]
[SourceTitle "CBM 149 Extra"]
[Source "ChessBase"]
[SourceDate "2012.08.24"]
[SourceVersion "1"]
[SourceVersionDate "2012.08.24"]
[SourceQuality "1"]

1. d4 Nf6 2. Bg5 c5 3. Bxf6 gxf6 4. d5 f5 5. c4 Bg7 6. Nc3 Qa5 7. Qd2 d6 8. e3 Nd7 9. Nge2 Nf6 10. Ng3 Ng4 11. Nh5 Be5 12. f4 Bxc3 13. bxc3 Rg8 14. Bd3 Bd7 15. 0-0 0-0-0 16. h3 Nh6 17. Rfb1 Rg6 18. Qb2 b6 19. Be2 Rdg8 20. Bf3 Qa4 21. Qb3 Kc7 22. Rb2 e6 23. Rd2 Qa5 24. Rc1 Ba4 25. Qa3 Qa6 26. Bd1 Bb5 27. Qxa6 Bxa6 28. Bb3 Re8 29. Kf2 e5 30. Rg1 f6 31. Ng3 Reg8 32. Ne2 R8g7 33. g3 Nf7 1-0

[Event "USA-chT Amateur East"]
[Site "Parsippany"]
[Date "2011.02.20"]
[Round "3"]
[White "Leverett, Bruce W"]
[Black "Corke, Anya Sun"]
[Result "1-0"]
[WhiteElo "2295"]
[BlackElo "2257"]
[PlyCount "91"]
[EventDate "2011.02.19"]
[EventType "team-swiss"]
[EventRounds "6"]
[EventCountry "USA"]
[SourceTitle "CBM 141 Extra"]
[Source "ChessBase"]
[SourceDate "2011.05.03"]
[SourceVersion "1"]
[SourceVersionDate "2011.05.03"]
[SourceQuality "1"]

1. d4 d5 2. Nf3 Nf6 3. c4 c6 4. Nc3 dxc4 5. a4 Bf5 6. e3 e6 7. Bxc4 Bb4 8. 0-0 0-0 9. Qe2 Bg6 10. Ne5 Nbd7 11. Nxg6 hxg6 12. Rd1 Qa5 13. Qc2 Rad8 14. Na2 Bd6 15. b4 Qh5 16. g3 e5 17. Kg2 exd4 18. exd4 g5 19. h4 g4 20. Bg5 Rde8 21. Re1 Nh7 22. Bd2 Nb6 23. Bb3 Nd5 24. Qd3 Kh8 25. b5 f5 26. Bxd5 cxd5 27. Bb4 Bxb4 28. Nxb4 Nf6 29. Re5 Ne4 30. Nxd5 Rxe5 31. dxe5 Rd8 32. Rd1 Qf7 33. Qc4 Qg8 34. Ne3 Rxd1 35. Qxg8+ Kxg8 36. Nxd1 Kf7 37. f3 gxf3+ 38. Kxf3 Ke6 39. Kf4 Nc5 40. Nb2 b6 41. h5 Nd7 42. Nd3 Nf8 43. Kg5 Kf7 44. Kxf5 Ne6 45. Ke4 Nc7 46. Nf4 1-0

[Event "USA-chT Amateur East"]
[Site "Parsippany"]
[Date "2011.02.19"]
[Round "2"]
[White "West, James R"]
[Black "Corke, Anya Sun"]
[Result "1/2-1/2"]
[WhiteElo "2113"]
[BlackElo "2257"]
[PlyCount "59"]
[EventDate "2011.02.19"]
[EventType "team-swiss"]
[EventRounds "6"]
[EventCountry "USA"]
[SourceTitle "CBM 141 Extra"]
[Source "ChessBase"]
[SourceDate "2011.05.03"]
[SourceVersion "1"]
[SourceVersionDate "2011.05.03"]
[SourceQuality "1"]

1. e4 c5 2. Nf3 e6 3. d4 cxd4 4. Nxd4 a6 5. Bd3 Bc5 6. Nb3 Be7 7. 0-0 Nc6 8. Nc3 Nf6 9. Be3 b5 10. a3 Ne5 11. Be2 Bb7 12. Nd2 d6 13. f4 Ng6 14. Qe1 0-0 15. Qg3 Kh8 16. Rad1 Qc7 17. Qh3 Rfd8 18. Bf3 Ng8 19. Bh5 Bf6 20. Bxg6 fxg6 21. f5 gxf5 22. exf5 exf5 23. Qxf5 Re8 24. Qf2 Be5 25. Nf3 Nf6 26. Nxe5 dxe5 27. h3 Qc6 28. Rd2 Rad8 29. Rfd1 Rxd2 30. Rxd2 1/2-1/2

[Event "USA tt"]
[Site "ICC INT"]
[Date "2010.09.13"]
[Round "4"]
[White "Corke, Anya Sun"]
[Black "Chase, Christopher"]
[Result "1/2-1/2"]
[WhiteElo "2289"]
[BlackElo "2297"]
[PlyCount "82"]
[EventDate "2010.08.23"]
[EventType "team"]
[EventRounds "10"]
[EventCountry "USA"]
[SourceTitle "CBM 138 Extra"]
[Source "ChessBase"]
[SourceDate "2010.10.29"]
[SourceVersion "1"]
[SourceVersionDate "2010.10.29"]
[SourceQuality "1"]

1. d4 g6 2. e4 Bg7 3. Nf3 d6 4. Bc4 Nf6 5. Qe2 0-0 6. 0-0 Bg4 7. e5 Ne8 8. Rd1 Nc6 9. Bd5 Qc8 10. h3 Bxf3 11. Bxf3 dxe5 12. Bxc6 bxc6 13. dxe5 Qe6 14. Re1 Rb8 15. Nc3 f6 16. exf6 Qxe2 17. Rxe2 exf6 18. Ne4 Nd6 19. Nxd6 cxd6 20. b3 f5 21. Rb1 Rfe8 22. Rxe8+ Rxe8 23. Be3 d5 24. Kf1 Bc3 25. Rd1 a6 26. Bd4 Ba5 27. a3 Kf7 28. b4 Bc7 29. c3 a5 30. Re1 Ra8 31. Ke2 axb4 32. axb4 Ra2+ 33. Kd3 Bd6 34. Re2 Ra1 35. Kc2 g5 36. Kb2 Rf1 37. Kb3 Ra1 38. Kb2 Ra8 39. Kb3 Rb8 40. Ka4 h5 41. Ka5 Re8 1/2-1/2

[Event "Wch U20 Girls 28th"]
[Site "Chotowa"]
[Date "2010.08.16"]
[Round "13"]
[White "Corke, Anya Sun"]
[Black "Kulon, Klaudia"]
[Result "1-0"]
[WhiteElo "2257"]
[BlackElo "2230"]
[PlyCount "165"]
[EventDate "2010.08.03"]
[EventType "swiss"]
[EventRounds "13"]
[EventCountry "POL"]
[SourceTitle "CBM 137 Extra"]
[Source "ChessBase"]
[SourceDate "2010.09.01"]
[SourceVersion "1"]
[SourceVersionDate "2010.09.01"]
[SourceQuality "1"]

1. d4 d5 2. c4 e6 3. Nc3 c6 4. e3 Bd6 5. Bd2 f5 6. g4 fxg4 7. Qxg4 Qc7 8. Qg2 Nf6 9. Nf3 b6 10. Rg1 g6 11. Bd3 Nbd7 12. Qh3 Nf8 13. Qh6 Rg8 14. e4 dxe4 15. Bxe4 Bb7 16. Qh4 N8d7 17. Ng5 Be7 18. Nxe6 Qd6 19. Qh3 Nf8 20. Nxf8 Rxf8 21. 0-0-0 Qd7 22. Qxd7+ Kxd7 23. Bg2 Bd6 24. Bg5 Nh5 25. Ne4 Bxh2 26. Rh1 Bf4+ 27. Bxf4 Rxf4 28. Bh3+ Kc7 29. Ng5 Bc8 30. Bxc8 Kxc8 31. Rhe1 Kd7 32. Ne6 Rxf2 33. d5 c5 34. Re3 Nf4 35. Re4 Ng2 36. Rd2 Rf1+ 37. Kc2 Re1 38. Rde2 Rxe2+ 39. Rxe2 Nh4 40. Rh2 Nf3 41. Rxh7+ Kd6 42. Kc3 Rg8 43. Rf7 Ne5 44. Rxa7 Nd7 45. b4 cxb4+ 46. Kxb4 g5 47. Nd4 Rf8 48. Nb5+ Ke7 49. Ra3 g4 50. Re3+ Kf6 51. Nd4 Rg8 52. Re6+ Kf7 53. Nf5 Rg5 54. Nd6+ Kg8 55. Ne4 Rg7 56. Ng3 Kf8 57. Kb5 Rf7 58. Kc6 Nc5 59. Rg6 Nd3 60. Kxb6 Ne5 61. Re6 Nxc4+ 62. Kc5 Na5 63. Re4 Nb7+ 64. Kc6 Nd8+ 65. Kb6 Rb7+ 66. Kc5 Rc7+ 67. Kd6 Ra7 68. a4 Nf7+ 69. Kc5 Ra5+ 70. Kc6 Ra8 71. Rxg4 Rc8+ 72. Kb6 Rb8+ 73. Kc7 Rb3 74. Nf5 Rc3+ 75. Kb6 Rf3 76. Nd4 Rd3 77. a5 Ke7 78. a6 Nd6 79. Nc6+ Kf6 80. Rf4+ Kg5 81. Rf8 Rxd5 82. a7 Nc4+ 83. Kc7 1-0

[Event "Wch U20 Girls 28th"]
[Site "Chotowa"]
[Date "2010.08.03"]
[Round "1"]
[White "Petrova, Irina"]
[Black "Corke, Anya Sun"]
[Result "1/2-1/2"]
[WhiteElo "2014"]
[BlackElo "2257"]
[PlyCount "63"]
[EventDate "2010.08.03"]
[EventType "swiss"]
[EventRounds "13"]
[EventCountry "POL"]
[SourceTitle "CBM 137 Extra"]
[Source "ChessBase"]
[SourceDate "2010.09.01"]
[SourceVersion "1"]
[SourceVersionDate "2010.09.01"]
[SourceQuality "1"]

1. d4 d5 2. Nf3 Nf6 3. c4 c6 4. Nc3 dxc4 5. e4 b5 6. e5 Nd5 7. a4 e6 8. axb5 Nxc3 9. bxc3 cxb5 10. Ng5 Bb7 11. Qh5 g6 12. Qg4 Nd7 13. Qf4 f6 14. Nxe6 Qb6 15. Nxf8 Rxf8 16. exf6 Kf7 17. Be3 Bd5 18. Bc1 Bb7 19. Be3 Bd5 20. Be2 Nxf6 21. h4 Bxg2 22. Rg1 Be4 23. d5 Qb8 24. d6 Qc8 25. Rg5 Bf5 26. Qe5 a6 27. Bf3 Re8 28. Qf4 Ra7 29. Kf1 Rd7 30. Bd4 Rdd8 31. Bb6 Rd7 32. Bd4 1/2-1/2

[Event "Marianske Lazne IM-B"]
[Site "Marianske Lazne"]
[Date "2010.01.18"]
[Round "3"]
[White "Corke, Anya Sun"]
[Black "Natsidis, Christoph"]
[Result "1/2-1/2"]
[WhiteElo "2284"]
[BlackElo "2304"]
[PlyCount "47"]
[EventDate "2010.01.16"]
[EventType "tourn"]
[EventRounds "9"]
[EventCountry "CZE"]
[EventCategory "2"]
[SourceTitle "CBM 134 Extra"]
[Source "ChessBase"]
[SourceDate "2010.03.03"]
[SourceVersion "1"]
[SourceVersionDate "2010.03.03"]
[SourceQuality "1"]

1. d4 e6 2. c4 Nf6 3. Nf3 b6 4. g3 Bb7 5. Bg2 Be7 6. 0-0 0-0 7. Nc3 Ne4 8. Bd2 Bf6 9. Rc1 c5 10. d5 exd5 11. cxd5 Nxd2 12. Nxd2 d6 13. Nde4 Be5 14. f4 Bd4+ 15. Kh1 Ba6 16. Rf3 g6 17. e3 Bg7 18. g4 Qe7 19. a4 Nd7 20. b3 Rae8 21. Rh3 Nf6 22. Nxf6+ Qxf6 23. Ne4 Qe7 24. Rg3 1/2-1/2

[Event "Marianske Lazne IM-B"]
[Site "Marianske Lazne"]
[Date "2010.01.17"]
[Round "2"]
[White "Antipov, Mikhail Al"]
[Black "Corke, Anya Sun"]
[Result "1/2-1/2"]
[WhiteElo "2194"]
[BlackElo "2284"]
[PlyCount "92"]
[EventDate "2010.01.16"]
[EventType "tourn"]
[EventRounds "9"]
[EventCountry "CZE"]
[EventCategory "2"]
[SourceTitle "CBM 134 Extra"]
[Source "ChessBase"]
[SourceDate "2010.03.03"]
[SourceVersion "1"]
[SourceVersionDate "2010.03.03"]
[SourceQuality "1"]

1. e4 c5 2. Nf3 e6 3. b3 b6 4. Bb2 Bb7 5. Qe2 Nf6 6. e5 Nd5 7. g3 Nc6 8. Bg2 Be7 9. 0-0 0-0 10. c4 Ndb4 11. d3 d5 12. exd6 Qxd6 13. Rd1 Rfd8 14. Nc3 Rac8 15. a3 Na6 16. d4 cxd4 17. Nxd4 Nxd4 18. Rxd4 Qb8 19. Nd5 Bxd5 20. cxd5 Nc5 21. Rg4 g6 22. b4 Na4 23. Be5 Bd6 24. Bf6 Re8 25. Qd3 Be5 26. Bxe5 Qxe5 27. Rf1 exd5 28. Bxd5 Nc3 29. Bf3 Rcd8 30. Qc4 Rc8 31. Qb3 Ne2+ 32. Bxe2 Qxe2 33. Rd4 Re7 34. h4 h5 35. Kg2 Kg7 36. b5 Rc5 37. a4 Rec7 38. Rf4 Rc2 39. Qa3 Qe5 40. Rd1 R2c4 41. Rxc4 Rxc4 42. Rd8 Rc5 43. Rd7 Rc7 44. Rxc7 Qxc7 45. Qb2+ Kg8 46. Qd4 Qb7+ 1/2-1/2

[Event "Prague op-A 09th"]
[Site "Prague"]
[Date "2010.01.09"]
[Round "2"]
[White "Corke, Anya Sun"]
[Black "Zakhartsov, Viacheslav V"]
[Result "1/2-1/2"]
[WhiteElo "2284"]
[BlackElo "2562"]
[PlyCount "105"]
[EventDate "2010.01.08"]
[EventType "swiss"]
[EventRounds "9"]
[EventCountry "CZE"]
[SourceTitle "CBM 134 Extra"]
[Source "ChessBase"]
[SourceDate "2010.03.03"]
[SourceVersion "1"]
[SourceVersionDate "2010.03.03"]
[SourceQuality "1"]

1. d4 Nf6 2. c4 e6 3. Nf3 c5 4. d5 d6 5. Nc3 exd5 6. cxd5 g6 7. e4 Bg7 8. h3 0-0 9. Bd3 a6 10. a4 Nbd7 11. 0-0 Re8 12. Be3 Qe7 13. Nd2 Ne5 14. Be2 h5 15. f4 Ned7 16. Bf3 Nh7 17. Nc4 Rb8 18. Re1 Qf8 19. Qc2 b5 20. axb5 axb5 21. Na5 b4 22. Nb1 Ra8 23. Nd2 f5 24. Nac4 Rxa1 25. Rxa1 h4 26. Bf2 Bh6 27. exf5 gxf5 28. Bh5 Rd8 29. Bxh4 Ndf6 30. Bg6 Bxf4 31. Bxf5 Bxf5 32. Qxf5 Qh6 33. Bxf6 Qxf6 34. Qxf6 Nxf6 35. Rf1 Nxd5 36. Ne4 Be3+ 37. Kh1 Bd4 38. Nexd6 Ne3 39. Nxe3 Rxd6 40. Nc4 Re6 41. b3 Re2 42. Kh2 Kg7 43. h4 Rc2 44. Rf3 Rc1 45. Kg3 Bc3 46. Kg4 Rd1 47. Kg5 Rd5+ 48. Kg4 Rd1 49. Kf5 Rb1 50. Na5 Ra1 51. Nc4 Rb1 52. Na5 Ra1 53. Nc4 1/2-1/2

[Event "BCF-chT1c 0809 (4NCL) Promotion pool"]
[Site "England"]
[Date "2009.05.04"]
[Round "11.8"]
[White "Corke, Anya Sun"]
[Black "Bellin, Jana"]
[Result "1-0"]
[WhiteElo "2260"]
[BlackElo "2184"]
[PlyCount "59"]
[EventDate "2008.10.04"]
[EventType "team-tourn"]
[EventRounds "4"]
[EventCountry "ENG"]
[SourceTitle "EXT 2010"]
[Source "ChessBase"]
[SourceDate "2010.11.25"]
[SourceVersion "1"]
[SourceVersionDate "2010.11.25"]
[SourceQuality "1"]
[WhiteTeam "White Rose"]
[BlackTeam "Gambit ADs"]
[WhiteTeamCountry "ENG"]
[BlackTeamCountry "ENG"]

1. d4 Nf6 2. c4 c5 3. d5 e5 4. Nc3 d6 5. e4 Be7 6. g3 0-0 7. Bg2 a6 8. a4 Nbd7 9. Nge2 Ne8 10. 0-0 g6 11. Bh6 Ng7 12. Qd2 Nf6 13. h3 Kh8 14. f4 Ng8 15. Bxg7+ Kxg7 16. fxe5 dxe5 17. a5 Bd6 18. Na4 Bd7 19. Nb6 Rb8 20. Nc3 Ne7 21. Nxd7 Qxd7 22. Na4 f5 23. b4 Qc7 24. Kh1 fxe4 25. Qb2 Rxf1+ 26. Rxf1 cxb4 27. c5 Nxd5 28. cxd6 Qxd6 29. Rd1 Qe6 30. Nc5 1-0

[Event "BCF-chT1c 0809 (4NCL) Promotion pool"]
[Site "England"]
[Date "2009.05.02"]
[Round "9.6"]
[White "Corke, Anya Sun"]
[Black "McDonald, Neil R"]
[Result "1-0"]
[WhiteElo "2260"]
[BlackElo "2401"]
[PlyCount "73"]
[EventDate "2008.10.04"]
[EventType "team-tourn"]
[EventRounds "4"]
[EventCountry "ENG"]
[SourceTitle "EXT 2010"]
[Source "ChessBase"]
[SourceDate "2010.11.25"]
[SourceVersion "1"]
[SourceVersionDate "2010.11.25"]
[SourceQuality "1"]
[WhiteTeam "White Rose"]
[BlackTeam "Wood Green Hilsmark Kingfisher II"]
[WhiteTeamCountry "ENG"]
[BlackTeamCountry "ENG"]

1. d4 d5 2. c4 e6 3. Nc3 Be7 4. Nf3 Nf6 5. Bg5 h6 6. Bh4 0-0 7. e3 Ne4 8. Bxe7 Qxe7 9. cxd5 Nxc3 10. bxc3 exd5 11. Qb3 Rd8 12. c4 dxc4 13. Bxc4 Nc6 14. Qc3 Bg4 15. 0-0 Bxf3 16. gxf3 Rd6 17. Kh1 Qf6 18. Be2 Re8 19. Rae1 Qh4 20. f4 Rg6 21. Bd3 Rd6 22. Rg1 Qf6 23. Rg2 Nd8 24. Reg1 Ne6 25. f5 Ng5 26. Qxc7 Rb6 27. Qg3 Kf8 28. Qg4 Rc8 29. h4 Nh7 30. e4 h5 31. Qxh5 Qxd4 32. Rxg7 Qxg7 33. Rxg7 Kxg7 34. e5 f6 35. e6 Rc7 36. Qe8 Rd6 37. e7 1-0

[Event "Budapest FS04 IM-A"]
[Site "Budapest"]
[Date "2009.04.14"]
[Round "11"]
[White "Corke, Anya Sun"]
[Black "Kahn, Evarth"]
[Result "1-0"]
[WhiteElo "2237"]
[BlackElo "2285"]
[PlyCount "95"]
[EventDate "2009.04.04"]
[EventType "tourn"]
[EventRounds "11"]
[EventCountry "HUN"]
[SourceTitle "CBM 129 Extra"]
[Source "ChessBase"]
[SourceDate "2009.05.05"]
[SourceVersion "2"]
[SourceVersionDate "2009.05.20"]
[SourceQuality "1"]

1. d4 Nf6 2. Bg5 c5 3. Bxf6 gxf6 4. d5 Qb6 5. Qc1 f5 6. c4 Bh6 7. Qc2 Qb4+ 8. Nc3 Qxc4 9. e4 Qb4 10. e5 d6 11. exd6 exd6 12. a3 Qa5 13. Bd3 Nd7 14. Nf3 Bg7 15. 0-0 Ne5 16. Nxe5 Bxe5 17. Bxf5 Qd8 18. Rae1 Kf8 19. Bxc8 Rxc8 20. Qf5 Rg8 21. Ne4 Rg6 22. f4 Bd4+ 23. Kh1 Kg7 24. Qh5 Rh6 25. Qg4+ Kh8 26. Ng5 Rc7 27. Re2 Qd7 28. Qg3 Rg6 29. Qh4 f5 30. Ne6 Bf6 31. Qh5 Rc8 32. Qxf5 Rcg8 33. Qd3 Qf7 34. Qf3 b5 35. g3 a5 36. Rg2 b4 37. axb4 axb4 38. g4 h6 39. f5 R6g7 40. Nxg7 Qxg7 41. b3 Qg5 42. Re1 Ra8 43. Rge2 Be5 44. Rxe5 dxe5 45. d6 Ra2 46. Qe4 Qf4 47. Qxf4 exf4 48. d7 1-0

[Event "Budapest FS04 IM-A"]
[Site "Budapest"]
[Date "2009.04.12"]
[Round "9"]
[White "Corke, Anya Sun"]
[Black "Kislik, Erik Andrew"]
[Result "1-0"]
[WhiteElo "2237"]
[BlackElo "2314"]
[PlyCount "91"]
[EventDate "2009.04.04"]
[EventType "tourn"]
[EventRounds "11"]
[EventCountry "HUN"]
[SourceTitle "CBM 129 Extra"]
[Source "ChessBase"]
[SourceDate "2009.05.05"]
[SourceVersion "2"]
[SourceVersionDate "2009.05.20"]
[SourceQuality "1"]

1. d4 Nf6 2. Bg5 g6 3. Bxf6 exf6 4. e3 f5 5. g3 h5 6. h4 Bh6 7. Bg2 0-0 8. c4 d6 9. Ne2 Nd7 10. Nd2 Nf6 11. Qb3 Ng4 12. Nf4 Re8 13. 0-0 c6 14. Qd3 a5 15. b3 Re7 16. Rfb1 Qe8 17. Nf1 f6 18. Bf3 Rg7 19. Re1 Bd7 20. Ng2 Kh8 21. Bd1 g5 22. f3 gxh4 23. fxg4 h3 24. Nh4 fxg4 25. Nf5 Bxf5 26. Qxf5 Qf7 27. Bc2 Rg5 28. Qf2 h4 29. Kh2 Rag8 30. e4 R5g7 31. Ne3 hxg3+ 32. Qxg3 Qh5 33. Kh1 Bf4 34. Qxf4 g3 35. Bd1 g2+ 36. Kh2 g1Q+ 37. Rxg1 Rxg1 38. Bxh5 Rxa1 39. Qxf6+ Kh7 40. Qf7+ Kh8 41. Bg6 Rxa2+ 42. Kxh3 Rxg6 43. Qxg6 Rb2 44. Nf5 Rxb3+ 45. Kg4 Rg3+ 46. Kxg3 1-0

[Event "Budapest FS04 IM-A"]
[Site "Budapest"]
[Date "2009.04.09"]
[Round "6"]
[White "Eperjesi, Laszlo"]
[Black "Corke, Anya Sun"]
[Result "1/2-1/2"]
[WhiteElo "2294"]
[BlackElo "2237"]
[PlyCount "32"]
[EventDate "2009.04.04"]
[EventType "tourn"]
[EventRounds "11"]
[EventCountry "HUN"]
[SourceTitle "CBM 129 Extra"]
[Source "ChessBase"]
[SourceDate "2009.05.05"]
[SourceVersion "2"]
[SourceVersionDate "2009.05.20"]
[SourceQuality "1"]

1. d4 d5 2. c4 c6 3. cxd5 cxd5 4. Nc3 Nf6 5. Bf4 a6 6. e3 Nc6 7. Bd3 Bg4 8. Nge2 e6 9. 0-0 Be7 10. h3 Bh5 11. Rc1 0-0 12. Qd2 Bg6 13. Bh2 Bxd3 14. Qxd3 Rc8 15. Nf4 Na5 16. Qe2 Nc4 1/2-1/2

[Event "Budapest Spring op 25th"]
[Site "Budapest"]
[Date "2009.03.20"]
[Round "1"]
[White "Ngo Tan, Don"]
[Black "Corke, Anya Sun"]
[Result "0-1"]
[WhiteElo "1929"]
[BlackElo "2260"]
[PlyCount "54"]
[EventDate "2009.03.20"]
[EventType "swiss"]
[EventRounds "9"]
[EventCountry "HUN"]
[SourceTitle "CBM 129 Extra"]
[Source "ChessBase"]
[SourceDate "2009.05.05"]
[SourceVersion "2"]
[SourceVersionDate "2009.05.20"]
[SourceQuality "1"]

1. e4 e6 2. d4 d5 3. Nc3 Nc6 4. e5 f6 5. exf6 Nxf6 6. Nf3 Bd6 7. Bd3 0-0 8. 0-0 Nb4 9. Re1 Nxd3 10. Qxd3 c5 11. Bg5 a6 12. Re2 Qc7 13. Rae1 Bd7 14. h3 Nh5 15. Ne5 Be8 16. Qd2 cxd4 17. Qxd4 Ng3 18. Rd2 Nf5 19. Qf4 h6 20. Bh4 Nxh4 21. Qxh4 Bxe5 22. Rd3 Bg6 23. Rde3 Bf6 24. Qb4 d4 25. Rg3 dxc3 26. Rxg6 Qf7 27. Rg3 cxb2 0-1

[Event "Budapest FS03 IM-A"]
[Site "Budapest"]
[Date "2009.03.17"]
[Round "11"]
[White "Corke, Anya Sun"]
[Black "Mihok, Oliver"]
[Result "1/2-1/2"]
[WhiteElo "2260"]
[BlackElo "2355"]
[PlyCount "54"]
[EventDate "2009.03.07"]
[EventType "tourn"]
[EventRounds "11"]
[EventCountry "HUN"]
[SourceTitle "CBM 129 Extra"]
[Source "ChessBase"]
[SourceDate "2009.05.05"]
[SourceVersion "2"]
[SourceVersionDate "2009.05.20"]
[SourceQuality "1"]

1. d4 Nf6 2. Bg5 Ne4 3. Bf4 c5 4. f3 Qa5+ 5. c3 Nf6 6. d5 Qb6 7. Bc1 e6 8. c4 exd5 9. cxd5 c4 10. e3 Bc5 11. Kf2 0-0 12. Bxc4 Re8 13. Qb3 Qd8 14. Ne2 d6 15. Rd1 a6 16. a4 Nbd7 17. Nd4 Nb6 18. Nc3 Nxc4 19. Qxc4 b5 20. Qb3 b4 21. Nce2 Bb7 22. Nc6 Qd7 23. Ned4 a5 24. Qc4 Ba6 25. Qb3 Bb7 26. Qc4 Ba6 27. Qb3 Bb7 1/2-1/2

[Event "Budapest FS03 IM-A"]
[Site "Budapest"]
[Date "2009.03.13"]
[Round "7"]
[White "Bach, Matthias"]
[Black "Corke, Anya Sun"]
[Result "1-0"]
[WhiteElo "2276"]
[BlackElo "2260"]
[PlyCount "91"]
[EventDate "2009.03.07"]
[EventType "tourn"]
[EventRounds "11"]
[EventCountry "HUN"]
[SourceTitle "CBM 129 Extra"]
[Source "ChessBase"]
[SourceDate "2009.05.05"]
[SourceVersion "2"]
[SourceVersionDate "2009.05.20"]
[SourceQuality "1"]

1. d4 d5 2. c4 c6 3. Nf3 Nf6 4. Nc3 dxc4 5. e4 b5 6. e5 Nd5 7. a4 e6 8. Ne4 h6 9. g3 Bb7 10. Bg2 Nd7 11. 0-0 a6 12. Bd2 c5 13. Re1 cxd4 14. Nxd4 Qb6 15. Nxe6 fxe6 16. Qh5+ Kd8 17. axb5 a5 18. Ra4 Bb4 19. Qh4+ Kc7 20. Nc3 Nxc3 21. bxc3 Bxg2 22. Qxc4+ Qc5 23. Qxe6 Bd5 24. cxb4 Bxe6 25. bxc5 Nxc5 26. Rxa5 Kb6 27. Rea1 Rxa5 28. Bxa5+ Kxb5 29. Bc7 Rc8 30. Ra7 Bd5 31. f4 Ne6 32. Ra5+ Kc4 33. Bd6 Nd4 34. Kf2 Nb3 35. Ra2 Kd3 36. g4 Ke4 37. f5 Nd4 38. Ra4 Rc2+ 39. Kg3 Bc4 40. e6 Rc3+ 41. Kh4 g6 42. fxg6 Nxe6 43. Bg3 Kd5 44. Kh5 Rf3 45. Kxh6 Bb3 46. Ra3 1-0